000 00279nam a22001457a 4500
003 SGT
082 _a611
_bA15M
100 _aMITRA, SAMAR
245 _aANATOMY
250 _a7TH
260 _aDELHI
_b ACADEMIC PUB
_c2015
300 _a366
650 _aANATOMY
942 _2ddc
_cBK
999 _c8512
_d8512